000
00289nam a2200121Ia 4500
008
190216s9999||||xx |||||||||||||| ||und||
100
_a
Kingsley Williams Ge;Ed
245
4
_a
The White Company
260
_b
Orient Longman
_c
1973
300
_a
190p
650
_a
English Novel
942
_c
BK
999
_c
12509
_d
12509